01193nam a2200337Ia 450000500170000000800410001702000180005810000270007624500730010325000180017630000250019449000320021950000420025153400400029358600310033365000380036465000420040265000400044465000370048465000470052170000410056870000490060994200150065826400320067333600270070533700330073233800280076504000350079308400120082899900150084020220317001453.0161108s2014 s 000 f s  a97884975977771 aAndric, Ivod1892-197513aUn puente sobre el drinacIvo Andric ; traducción de Luis Castillo a4a. edición a497 páginasc19 cm aDebolsillo. Contemporánea aIncluye datos biográficos del autor tTítulo original: No drini cuprija aPremio nobel de literatura142LEMBaNovela yugoslavaySiglo XIX142LEMBaLiteratura yugoslavaySiglo XIX142LEMBaCristianismo en la literatura142LEMBaIslamismo en la literatura142LEMBaConflictos Sociales en la literatura1 adel Castillo, Luisetraductor9736961 aPalacios More, Renéd1939-erevisor973697 2loccBKLIT aBarcelonabDebolsilloc2014 atextobtxt2rdacontent asin mediaciónbn2rdamedia avolumenbnc2rdacarrier aCO-BoRNBPbspaerdacCO-BoRNBP aN AND18 c7075d7075